| 000 -LEADER |
| fixed length control field |
01400cam a2200337 i 4500 |
| 001 - CONTROL NUMBER |
| control field |
410608 |
| 003 - CONTROL NUMBER IDENTIFIER |
| control field |
OSt |
| 005 - DATE AND TIME OF LATEST TRANSACTION |
| control field |
20240120153529.0 |
| 008 - FIXED-LENGTH DATA ELEMENTS--GENERAL INFORMATION |
| fixed length control field |
221103t20222020nyua c 000 f eng d |
| 020 ## - INTERNATIONAL STANDARD BOOK NUMBER |
| International Standard Book Number |
9780062991324 |
| Qualifying information |
(pbk.) : |
| 040 ## - CATALOGING SOURCE |
| Original cataloging agency |
臺東縣政府文化處 |
| Language of cataloging |
eng |
| Transcribing agency |
臺東縣政府文化處 |
| Description conventions |
AACR2 |
| Modifying agency |
KH8 |
| 042 ## - AUTHENTICATION CODE |
| Authentication code |
nbic |
| 082 0# - DEWEY DECIMAL CLASSIFICATION NUMBER |
| Classification number |
813.54 APP |
| 100 1# - MAIN ENTRY--PERSONAL NAME |
| Personal name |
Applegate, Katherine, |
| Relator term |
aut. |
| 245 14 - TITLE STATEMENT |
| Title |
The one and only Bob / |
| Statement of responsibility, etc. |
Katherine Applegate ; with Patricia Castelao. |
| 246 3# - VARYING FORM OF TITLE |
| Title proper/short title |
Only & only Bob. |
| 250 ## - EDITION STATEMENT |
| Edition statement |
1st trade pbk. ed. |
| 260 ## - PUBLICATION, DISTRIBUTION, ETC. |
| Place of publication, distribution, etc. |
New York : |
| Name of publisher, distributor, etc. |
Harper, an imprint of HarperCollins Publishers, |
| Date of publication, distribution, etc. |
2022, c2020. |
| 300 ## - PHYSICAL DESCRIPTION |
| Extent |
340, 10 p. : |
| Other physical details |
ill. ; |
| Dimensions |
20 cm. |
| 500 ## - GENERAL NOTE |
| General note |
Sequel to The One and Only Ivan. |
| 520 ## - SUMMARY, ETC. |
| Summary, etc. |
Bob sets out on a dangerous journey in search of his long- lost sister with the help of his two best friends, Ivan and Ruby. As a hurricane approaches and time is running out, Bob finds courage he never knew he had and learns the true meaning of friendship and family. |
| 521 ## - TARGET AUDIENCE NOTE |
| Target audience note |
Ages 8-12. |
| 650 #0 - SUBJECT ADDED ENTRY--TOPICAL TERM |
| Topical term or geographic name entry element |
Dogs |
| Form subdivision |
Juvenile fiction. |
| 650 #0 - SUBJECT ADDED ENTRY--TOPICAL TERM |
| Topical term or geographic name entry element |
Gorilla |
| Form subdivision |
Juvenile fiction. |
| 650 #0 - SUBJECT ADDED ENTRY--TOPICAL TERM |
| Topical term or geographic name entry element |
Elephants |
| Form subdivision |
Juvenile fiction. |
| 650 #0 - SUBJECT ADDED ENTRY--TOPICAL TERM |
| Topical term or geographic name entry element |
Families |
| Form subdivision |
Juvenile fiction. |
| 650 #0 - SUBJECT ADDED ENTRY--TOPICAL TERM |
| Topical term or geographic name entry element |
Friendship |
| Form subdivision |
Juvenile fiction. |
| 700 1# - ADDED ENTRY--PERSONAL NAME |
| Personal name |
Castelao, Patricia, |
| Relator term |
ill. |
| 700 1# - ADDED ENTRY--PERSONAL NAME |
| Personal name |
Applegate, Katherine. |
| Title of a work |
One and only Ivan. |
| Relationship information |
Sequel to (work): |
| 942 ## - ADDED ENTRY ELEMENTS (KOHA) |
| Source of classification or shelving scheme |
|
| Koha item type |
Books - Fiction |